Acontecer historico del Iteso, 1957-1997 (Registro nro. 124026)

Detalles MARC
000 -LEADER
fixed length control field 00779nam a2200181 4500
005 - DATE AND TIME OF LATEST TRANSACTION
control field 20250623120356.0
008 - FIXED-LENGTH DATA ELEMENTS--GENERAL INFORMATION
fixed length control field 170117b mx ||||| |||| 00| 0 spa d
020 ## - INTERNATIONAL STANDARD BOOK NUMBER
International Standard Book Number 968610187X
050 04 - LIBRARY OF CONGRESS CALL NUMBER
Classification number T173 .I57
Item number G88 1998
100 1# - MAIN ENTRY--PERSONAL NAME
Personal name Gutierrez T. Formoso, Alberto.
245 10 - TITLE STATEMENT
Title Acontecer historico del Iteso, 1957-1997
Statement of responsibility, etc / Alberto Gutierrez T. Formoso
250 ## - EDITION STATEMENT
Edition statement 1a ed.
260 ## - PUBLICATION, DISTRIBUTION, ETC. (IMPRINT)
Place of publication, distribution, etc Tlaquepaque, Jalisco, México :
Name of publisher, distributor, etc Instituto Tecnológico y de Estudios Superiores de Occidente (ITESO),
Date of publication, distribution, etc 1997-1998.
300 ## - PHYSICAL DESCRIPTION
Extent v. ;
Dimensions 23 cm.
505 ## - FORMATTED CONTENTS NOTE
Title v. 2. Lo académico desde los documentos oficiales --
-- v. 3. Lo organizacional-administrativo
610 2# - SUBJECT ADDED ENTRY--CORPORATE NAME
Corporate name or jurisdiction name as entry element Instituto Tecnológico de Estudios Superiores de Occidente
General subdivision Historia
Geographic subdivision Guadalajara, Jalisco, México
942 ## - ADDED ENTRY ELEMENTS (KOHA)
Source of classification or shelving scheme Biblioteca del Cogreso de los Estados Unidos
Koha item type Libro
Existencias
Estado de pérdida Fuente de clasificación Estado del daño No para préstamo Ubicación permanente Ubicación actual Apartado o colección Fecha de adquisición Edición Enumeración de Serie / Cronológica Dependencia de educación superior (DES) Área del conocimiento Clasificación Código de Barras Date last seen Número de copia Costo por reposición Tipo de recurso
  Biblioteca del Cogreso de los Estados Unidos     Biblioteca del Instituto de Investigaciones Históricas Biblioteca del Instituto de Investigaciones Históricas General 17/01/2017 1a ed. V.II Humanidades Ingeniería y Tecnología T173.I57 G88 1998 IIH000014861 17/01/2017 1 1.00 Libro
  Biblioteca del Cogreso de los Estados Unidos     Biblioteca del Instituto de Investigaciones Históricas Biblioteca del Instituto de Investigaciones Históricas General 17/01/2017 1a ed. V.III Humanidades Educación y Humanidades T173.I57 G87 1998 IIH000014862 17/01/2017 1 1.00 Libro